[Event "SVK-chT3A2 2223"]
[Site "Slovakia"]
[Date "2022.11.06"]
[Round "2.1"]
[White "Kovacocy, Pavol"]
[Black "Sosovicka, Juraj"]
[Result "1/2-1/2"]
[WhiteElo "2245"]
[BlackElo "2074"]
[PlyCount "98"]
[EventDate "2022.10.16"]
[EventType "team-tourn"]
[EventRounds "9"]
[EventCountry "SVK"]
[SourceTitle "EXT 2024"]
[Source "ChessBase"]
[SourceDate "2023.10.10"]
[SourceVersion "1"]
[SourceVersionDate "2023.10.10"]
[SourceQuality "1"]
[WhiteTeam "Cifer II"]
[BlackTeam "Gbely Nafta"]
[WhiteTeamCountry "SVK"]
[BlackTeamCountry "SVK"]

1. e4 e5 2. Nf3 Nc6 3. Bc4 Nf6 4. d3 Be7 5. Bb3 0-0 6. 0-0 d6 7. c3 Na5 8. Bc2 c5 9. Re1 Nc6 10. Nbd2 b5 11. h3 Re8 12. d4 cxd4 13. cxd4 exd4 14. Nb3 Bb7 15. Nbxd4 Nxd4 16. Nxd4 Qd7 17. Qd3 Rac8 18. Bd2 g6 19. Bb3 a6 20. a4 d5 21. exd5 Bxd5 22. Bxd5 Qxd5 23. axb5 axb5 24. Be3 Qc4 25. Red1 Nd5 26. Nxb5 Nxe3 27. fxe3 Qxd3 28. Rxd3 Rc2 29. b3 Bc5 30. Re1 Ra8 31. Kh1 Bb4 32. Rg1 Raa2 33. Nd4 Rd2 34. Rxd2 Bxd2 35. e4 Be3 36. Rd1 Rb2 37. Rd3 Bxd4 38. Rxd4 Rxb3 39. Kg1 Kg7 40. Kf2 h5 41. h4 Ra3 42. g3 Kf6 43. Rd6+ Ke5 44. Rd7 Ke6 45. Rb7 Rc3 46. Rb6+ Ke5 47. Rb7 Ke6 48. Rb6+ Ke5 49. Rb7 Ke6 1/2-1/2

[Event "SVK-chT2A 1819"]
[Site "Slovakia"]
[Date "2019.04.06"]
[Round "10.3"]
[White "Dudas, Jan"]
[Black "Sosovicka, Juraj"]
[Result "1-0"]
[WhiteElo "2214"]
[BlackElo "2136"]
[PlyCount "55"]
[EventDate "2018.10.13"]
[EventType "team-tourn"]
[EventRounds "11"]
[EventCountry "SVK"]
[SourceTitle "EXT 2020"]
[Source "ChessBase"]
[SourceDate "2019.10.17"]
[SourceVersion "1"]
[SourceVersionDate "2019.10.17"]
[SourceQuality "1"]
[WhiteTeam "Bratislava Doprastav"]
[BlackTeam "Gbely Nafta"]
[WhiteTeamCountry "SVK"]
[BlackTeamCountry "SVK"]

1. e4 e5 2. Nf3 Nc6 3. Bb5 f5 4. d4 fxe4 5. Nxe5 Nxe5 6. dxe5 c6 7. Be2 Qa5+ 8. Bd2 Qxe5 9. Bc3 Qg5 10. Bh5+ Kd8 11. 0-0 Nf6 12. Bxf6+ Qxf6 13. Nc3 g6 14. Nxe4 Qxb2 15. Bg4 d5 16. c4 Bg7 17. Rb1 Qd4 18. Bxc8 Kxc8 19. Qg4+ Kc7 20. Rxb7+ Kxb7 21. Qd7+ Kb6 22. Rb1+ Qb2 23. Rxb2+ Bxb2 24. cxd5 Rab8 25. Qxc6+ Ka5 26. Nd6 Ba1 27. Nb7+ Kb4 28. Qc5+ 1-0

[Event "SVK-chT3A2 1819"]
[Site "Slovakia"]
[Date "2018.11.04"]
[Round "3.2"]
[White "Hecko, Dusan"]
[Black "Sosovicka, Juraj"]
[Result "0-1"]
[WhiteElo "2064"]
[BlackElo "2105"]
[PlyCount "94"]
[EventDate "2018.10.07"]
[EventType "team-tourn"]
[EventRounds "11"]
[EventCountry "SVK"]
[SourceTitle "EXT 2020"]
[Source "ChessBase"]
[SourceDate "2019.10.17"]
[SourceVersion "1"]
[SourceVersionDate "2019.10.17"]
[SourceQuality "1"]
[WhiteTeam "Senica CVC"]
[BlackTeam "Gbely Nafta II"]
[WhiteTeamCountry "SVK"]
[BlackTeamCountry "SVK"]

1. c4 e5 2. Nc3 Nf6 3. Nf3 Nc6 4. g3 d5 5. cxd5 Nxd5 6. Bg2 Nb6 7. 0-0 Be7 8. d3 0-0 9. a3 Be6 10. Be3 Nd5 11. Nxd5 Bxd5 12. Rc1 Qd7 13. Bc5 Rfe8 14. Qa4 Rad8 15. Rfd1 a6 16. Bxe7 Rxe7 17. Ng5 Nd4 18. Qxd7 Nxe2+ 19. Kf1 Bxg2+ 20. Kxe2 Rdxd7 21. f3 f5 22. Kf2 h6 23. Kxg2 hxg5 24. Kf2 Kf7 25. Ke3 Kf6 26. Rc4 c6 27. Rdc1 Rd5 28. Rc5 Red7 29. Rxd5 Rxd5 30. Rc3 Ke6 31. Rc2 Rb5 32. b4 a5 33. Rc4 Rd5 34. a4 Kd6 35. bxa5 Rxa5 36. f4 gxf4+ 37. gxf4 Kd5 38. fxe5 Kxe5 39. Rb4 b5 40. axb5 Rxb5 41. Ra4 Rd5 42. d4+ Kf6 43. h4 Rd6 44. Kf3 Kg6 45. Rc4 Kh5 46. Kf4 g6 47. Kg3 Re6 0-1

[Event "SVK-chT2A 1718"]
[Site "Slovakia"]
[Date "2018.02.24"]
[Round "8.3"]
[White "Balogh, Peter"]
[Black "Sosovicka, Juraj"]
[Result "0-1"]
[WhiteElo "2272"]
[BlackElo "2123"]
[PlyCount "88"]
[EventDate "2017.10.28"]
[EventType "team-tourn"]
[EventRounds "11"]
[EventCountry "SVK"]
[SourceTitle "EXT 2020"]
[Source "ChessBase"]
[SourceDate "2019.10.17"]
[SourceVersion "1"]
[SourceVersionDate "2019.10.17"]
[SourceQuality "1"]
[WhiteTeam "Senec"]
[BlackTeam "Gbely Nafta"]
[WhiteTeamCountry "SVK"]
[BlackTeamCountry "SVK"]

1. d4 d5 2. c4 c6 3. Nf3 Nf6 4. e3 e6 5. Nbd2 Nbd7 6. Bd3 Be7 7. 0-0 0-0 8. e4 dxe4 9. Nxe4 Nxe4 10. Bxe4 Nf6 11. Bc2 b6 12. Bg5 Bb7 13. Qd3 g6 14. Rad1 Nh5 15. Qe3 Re8 16. Rfe1 Qc7 17. Bxe7 Rxe7 18. Ne5 Rd8 19. Be4 Nf6 20. Bf3 Ree8 21. b3 Nd7 22. Qf4 Nxe5 23. dxe5 c5 24. Bxb7 Qxb7 25. Rd6 Rxd6 26. exd6 Rd8 27. Rd1 Rd7 28. h4 h5 29. f3 Qb8 30. Kf2 Qf8 31. Qe5 Qd8 32. g3 Qf8 33. Ke3 Qh6+ 34. f4 Qf8 35. Rd2 Qb8 36. Kf3 Qf8 37. Ke3 Qb8 38. Kf3 Qf8 39. Rd3 Qb8 40. Rd1 Qf8 41. Ke3 Qb8 42. g4 Qd8 43. Qg5 hxg4 44. Qxg4 Rxd6 0-1

[Event "SVK-chT1W 1718"]
[Site "Slovakia"]
[Date "2017.12.02"]
[Round "5.5"]
[White "Kukel, Imre1111"]
[Black "Sosovicka, Juraj"]
[Result "1-0"]
[WhiteElo "2265"]
[BlackElo "2131"]
[PlyCount "73"]
[EventDate "2017.10.21"]
[EventType "team-tourn"]
[EventRounds "11"]
[EventCountry "SVK"]
[SourceTitle "EXT 2019"]
[Source "ChessBase"]
[SourceDate "2018.10.10"]
[SourceVersion "1"]
[SourceVersionDate "2018.10.10"]
[SourceQuality "1"]
[WhiteTeam "Komarno KSC"]
[BlackTeam "Devinska Nova Ves"]
[WhiteTeamCountry "SVK"]
[BlackTeamCountry "SVK"]

1. e4 e5 2. Nf3 Nc6 3. Bb5 f5 4. Nc3 fxe4 5. Nxe4 Nf6 6. d3 d5 7. Nxe5 dxe4 8. Nxc6 bxc6 9. Bxc6+ Bd7 10. Bxa8 Qxa8 11. 0-0 Bc5 12. Be3 Bxe3 13. fxe3 0-0 14. d4 Qd5 15. b3 c5 16. c4 Qg5 17. Qd2 h5 18. dxc5 Qxc5 19. Qd4 Qg5 20. Rae1 Bg4 21. Rf2 Bf3 22. h3 Qg3 23. Ref1 Re8 24. c5 Re5 25. Qd6 Nd5 26. c6 Bxg2 27. Qf8+ Kh7 28. Rxg2 Qxe3+ 29. Kh2 Qh6 30. Rfg1 g5 31. Qf7+ Kh8 32. c7 Nxc7 33. Qxc7 Qf6 34. Rd1 Qf4+ 35. Kh1 Rd5 36. Qc8+ Kh7 37. Qb7+ 1-0

[Event "SVK-chT2A 1718"]
[Site "Slovakia"]
[Date "2017.11.26"]
[Round "4.3"]
[White "Sosovicka, Juraj"]
[Black "Janos, Jozef"]
[Result "1-0"]
[WhiteElo "2137"]
[BlackElo "2127"]
[PlyCount "139"]
[EventDate "2017.10.28"]
[EventType "team-tourn"]
[EventRounds "11"]
[EventCountry "SVK"]
[SourceTitle "EXT 2019"]
[Source "ChessBase"]
[SourceDate "2018.10.10"]
[SourceVersion "1"]
[SourceVersionDate "2018.10.10"]
[SourceQuality "1"]
[WhiteTeam "Gbely Nafta"]
[BlackTeam "Bratislava Slovan IV"]
[WhiteTeamCountry "SVK"]
[BlackTeamCountry "SVK"]

1. b3 e5 2. Bb2 Nc6 3. e3 Nf6 4. Bb5 d6 5. d4 exd4 6. Qxd4 Bd7 7. Bxc6 bxc6 8. Nf3 c5 9. Qd3 Be7 10. 0-0 Bc6 11. Nbd2 0-0 12. e4 Nd7 13. Rfe1 Bf6 14. e5 dxe5 15. Nxe5 Nxe5 16. Bxe5 Qxd3 17. cxd3 Rad8 18. Bxf6 gxf6 19. Re3 f5 20. Nc4 f4 21. Re7 Rxd3 22. Ne5 Rd6 23. Rxc7 Rfd8 24. h3 Be8 25. Rxa7 f6 26. Nc4 Rd1+ 27. Rxd1 Rxd1+ 28. Kh2 Bf7 29. Rc7 Ra1 30. a4 Bxc4 31. bxc4 Rxa4 32. Rxc5 Kg7 33. h4 Ra2 34. f3 Rc2 35. Kh3 Kg6 36. g3 fxg3 37. Kxg3 h5 38. Kf4 Rh2 39. Kg3 Rc2 40. Rc8 Rc1 41. c5 Rc2 42. c6 Kf5 43. c7 Rc3 44. Rh8 Rxc7 45. Rxh5+ Kg6 46. Ra5 Rc1 47. h5+ Kh6 48. Rf5 Rc6 49. Kg4 Rb6 50. f4 Ra6 51. Rc5 Rb6 52. Rd5 Ra6 53. Rd7 Rb6 54. Re7 Ra6 55. Kf5 Rb6 56. Re6 Rb5+ 57. Kxf6 Rxh5 58. Kf7+ Kh7 59. Re5 Rh4 60. f5 Ra4 61. f6 Ra7+ 62. Re7 Ra6 63. Re2 Ra7+ 64. Ke6 Kg8 65. Rg2+ Kf8 66. Rb2 Ra6+ 67. Kf5 Ra8 68. Kg6 Rc8 69. Rb7 Ra8 70. Rh7 1-0

[Event "SVK-chT2A 1718"]
[Site "Slovakia"]
[Date "2017.10.29"]
[Round "2.2"]
[White "Sosovicka, Juraj"]
[Black "Federic, Jozef"]
[Result "1-0"]
[WhiteElo "2137"]
[BlackElo "2223"]
[PlyCount "81"]
[EventDate "2017.10.28"]
[EventType "team-tourn"]
[EventRounds "11"]
[EventCountry "SVK"]
[SourceTitle "EXT 2019"]
[Source "ChessBase"]
[SourceDate "2018.10.10"]
[SourceVersion "1"]
[SourceVersionDate "2018.10.10"]
[SourceQuality "1"]
[WhiteTeam "Gbely Nafta"]
[BlackTeam "Modra II"]
[WhiteTeamCountry "SVK"]
[BlackTeamCountry "SVK"]

1. d4 d5 2. Nf3 Nf6 3. c4 e6 4. e3 Be7 5. b3 0-0 6. Bd3 c5 7. 0-0 cxd4 8. exd4 b6 9. Bb2 Bb7 10. Ne5 dxc4 11. bxc4 Nc6 12. Nxc6 Bxc6 13. Nd2 Rc8 14. Qe2 Rc7 15. Rfe1 Qa8 16. f3 Rd8 17. Rad1 Rcd7 18. Bc2 Qb8 19. Ne4 Ne8 20. Qd3 Bb4 21. Ng5 g6 22. Nxe6 fxe6 23. Rxe6 Rd6 24. Qe2 Bd7 25. Re7 Rf6 26. Re3 Bf5 27. Bb3 Kg7 28. Kh1 Bd6 29. d5 Bxh2 30. g4 Bf4 31. Re7+ Kg8 32. Bxf6 Nxf6 33. gxf5 Rd6 34. fxg6 hxg6 35. Rg1 Nh5 36. Re8+ Qxe8 37. Qxe8+ Kg7 38. Bc2 Ng3+ 39. Kg2 g5 40. Qe7+ Kg8 41. Kf2 1-0

[Event "SVK-chT1W 1718"]
[Site "Slovakia"]
[Date "2017.10.22"]
[Round "2.3"]
[White "Sosovicka, Juraj"]
[Black "Srvatka, Igor"]
[Result "1/2-1/2"]
[WhiteElo "2134"]
[BlackElo "2187"]
[PlyCount "30"]
[EventDate "2017.10.21"]
[EventType "team-tourn"]
[EventRounds "11"]
[EventCountry "SVK"]
[SourceTitle "CBM 181 Extra"]
[Source "ChessBase"]
[SourceDate "2017.12.12"]
[SourceVersion "1"]
[SourceVersionDate "2017.12.12"]
[SourceQuality "1"]
[WhiteTeam "Devinska Nova Ves"]
[BlackTeam "Dubnica nad Vahom II"]
[WhiteTeamCountry "SVK"]
[BlackTeamCountry "SVK"]

1. b3 b6 2. Bb2 Bb7 3. Nf3 Nf6 4. g3 g6 5. Bg2 Bg7 6. 0-0 0-0 7. c4 c5 8. e3 Nc6 9. d4 cxd4 10. Nxd4 Rc8 11. Nc3 Qc7 12. Rc1 Qb8 13. Qd2 Rfd8 14. Rfd1 Nxd4 15. Qxd4 Ne8 1/2-1/2

[Event "SVK-ch Amateurs"]
[Site "Topolcany"]
[Date "2017.07.21"]
[Round "2"]
[White "Sosovicka, Juraj"]
[Black "Ihnat, Marek"]
[Result "1-0"]
[WhiteElo "2133"]
[BlackElo "1888"]
[PlyCount "85"]
[EventDate "2017.07.20"]
[EventType "swiss"]
[EventRounds "7"]
[EventCountry "SVK"]
[SourceTitle "CBM 179 Extra"]
[Source "ChessBase"]
[SourceDate "2017.08.23"]
[SourceVersion "1"]
[SourceVersionDate "2017.08.23"]
[SourceQuality "1"]

1. b3 e5 2. Bb2 Nc6 3. e3 Nf6 4. Bb5 Bd6 5. Na3 Na5 6. Be2 a6 7. c4 Qe7 8. Nc2 0-0 9. Nf3 Nc6 10. d4 exd4 11. Nfxd4 Nxd4 12. Qxd4 Re8 13. Bf3 c6 14. Qd3 Bc7 15. 0-0-0 b5 16. Nd4 bxc4 17. Qxc4 Bb7 18. g4 d5 19. Qc2 Be5 20. Kb1 Qc7 21. g5 Nd7 22. Bg4 Bxd4 23. Rxd4 Rac8 24. Qc3 f6 25. gxf6 gxf6 26. Bxd7 Qxd7 27. Rg1+ Kf7 28. Rxd5 Qe6 29. Rd7+ Re7 30. Rxe7+ Qxe7 31. Qc4+ Ke8 32. Bc3 c5 33. Kb2 Kd7 34. Qf4 Rf8 35. Rd1+ Kc8 36. Rd6 f5 37. Rd2 Bc6 38. Be5 Kb7 39. Rc2 Kb6 40. Bd6 Qf6+ 41. Ka3 Kb7 42. Bxf8 Qxf8 43. Qc4 1-0

[Event "Stara Lubovna op"]
[Site "Stara Lubovna"]
[Date "2017.05.05"]
[Round "1"]
[White "Sosovicka, Juraj"]
[Black "Redzisz, Michal"]
[Result "1/2-1/2"]
[WhiteElo "2142"]
[BlackElo "1760"]
[PlyCount "59"]
[EventDate "2017.05.05"]
[EventType "swiss"]
[EventRounds "7"]
[EventCountry "SVK"]
[SourceTitle "CBM 178 Extra"]
[Source "ChessBase"]
[SourceDate "2017.06.22"]
[SourceVersion "1"]
[SourceVersionDate "2017.06.22"]
[SourceQuality "1"]

1. b3 d5 2. Bb2 c5 3. e3 Nc6 4. Bb5 Nf6 5. Nf3 Bg4 6. h3 Bh5 7. g4 Bg6 8. Ne5 Qc7 9. h4 h6 10. Nxg6 fxg6 11. d4 cxd4 12. Qxd4 0-0-0 13. Bxc6 Qxc6 14. Nd2 e5 15. Qxa7 Nxg4 16. Rg1 h5 17. Qa8+ Kd7 18. Qa4 Qxa4 19. bxa4 Be7 20. Nf3 Ke6 21. Ng5+ Bxg5 22. hxg5 Rhf8 23. Rb1 Rc8 24. Ba3 Rxf2 25. Rxg4 Rcxc2 26. Rg1 Rce2+ 27. Kd1 Rd2+ 28. Kc1 Rc2+ 29. Kd1 Rcd2+ 30. Kc1 1/2-1/2

[Event "SVK-chT 1617"]
[Site "Slovakia"]
[Date "2017.03.26"]
[Round "11.4"]
[White "Sosovicka, Juraj"]
[Black "Magat, Jozef"]
[Result "1/2-1/2"]
[WhiteElo "2179"]
[BlackElo "2068"]
[PlyCount "40"]
[EventDate "2016.10.22"]
[EventType "team-tourn"]
[EventRounds "11"]
[EventCountry "SVK"]
[SourceTitle "CBM 177 Extra"]
[Source "ChessBase"]
[SourceDate "2017.04.27"]
[SourceVersion "1"]
[SourceVersionDate "2017.04.27"]
[SourceQuality "1"]
[WhiteTeam "Devinska Nova Ves"]
[BlackTeam "Dunajov Inbest"]
[WhiteTeamCountry "SVK"]
[BlackTeamCountry "SVK"]

1. e4 c6 2. d4 d5 3. exd5 cxd5 4. c4 Nf6 5. Nc3 e6 6. Nf3 Be7 7. Bf4 Nc6 8. c5 0-0 9. a3 a5 10. Bb5 Na7 11. Bd3 Nc6 12. 0-0 b6 13. Bb5 Na7 14. b4 Nh5 15. Bd2 Nxb5 16. Nxb5 Ba6 17. a4 axb4 18. Bxb4 bxc5 19. Bxc5 Nf6 20. Qd3 Ne4 1/2-1/2

[Event "SVK-chT1W 1617"]
[Site "Slovakia"]
[Date "2017.03.18"]
[Round "10.4"]
[White "Sosovicka, Juraj"]
[Black "Gazik, Igor"]
[Result "0-1"]
[WhiteElo "2142"]
[BlackElo "2292"]
[PlyCount "75"]
[EventDate "2016.10.15"]
[EventType "team-tourn"]
[EventRounds "11"]
[EventCountry "SVK"]
[SourceTitle "EXT 2019"]
[Source "ChessBase"]
[SourceDate "2018.10.10"]
[SourceVersion "1"]
[SourceVersionDate "2018.10.10"]
[SourceQuality "1"]
[WhiteTeam "Bratislava Slovan III"]
[BlackTeam "Podhajska Termal"]
[WhiteTeamCountry "SVK"]
[BlackTeamCountry "SVK"]

1. b3 e5 2. Bb2 Nc6 3. e3 Nf6 4. Bb5 Bd6 5. Na3 a6 6. Bxc6 dxc6 7. Nc4 Qe7 8. d3 Nd5 9. Nxd6+ cxd6 10. c4 Nf6 11. Ne2 0-0 12. 0-0 Ng4 13. h3 Nh6 14. d4 e4 15. d5 c5 16. a3 b6 17. Qd2 Nf5 18. Nf4 Qg5 19. Qe2 Nh4 20. Qh5 h6 21. Qxg5 hxg5 22. Nh5 f6 23. Bc3 g4 24. Nf4 gxh3 25. gxh3 Kf7 26. b4 Bf5 27. bxc5 g5 28. Ne6 Rh8 29. f4 Bxh3 30. cxb6 Bxf1 31. b7 Rab8 32. fxg5 Bxc4 33. Bxf6 Nf3+ 34. Kg2 Rh2+ 35. Kg3 Bxd5 36. Nd8+ Kg6 37. Rc1 Rh7 38. Rc8 0-1

[Event "SVK-chT3A2 1617"]
[Site "Slovakia"]
[Date "2017.03.05"]
[Round "10.1"]
[White "Pericka, Tomas"]
[Black "Sosovicka, Juraj"]
[Result "0-1"]
[WhiteElo "1996"]
[BlackElo "2179"]
[PlyCount "48"]
[EventDate "2016.10.16"]
[EventType "team-tourn"]
[EventRounds "11"]
[EventCountry "SVK"]
[SourceTitle "EXT 2020"]
[Source "ChessBase"]
[SourceDate "2019.10.17"]
[SourceVersion "1"]
[SourceVersionDate "2019.10.17"]
[SourceQuality "1"]
[WhiteTeam "Senica CVC"]
[BlackTeam "Gbely Nafta"]
[WhiteTeamCountry "SVK"]
[BlackTeamCountry "SVK"]

1. e4 b6 2. d4 Bb7 3. Nc3 e6 4. Bd3 Bb4 5. Qg4 Nf6 6. Qxg7 Rg8 7. Qh6 Rg6 8. Qh3 Bxe4 9. Bxe4 Nxe4 10. a3 Bxc3+ 11. bxc3 Qf6 12. Nf3 Nc6 13. 0-0 0-0-0 14. Ne5 Nxe5 15. dxe5 Qxe5 16. Qd3 Rdg8 17. g3 d5 18. a4 Nxc3 19. Qa6+ Kb8 20. Ra3 Ne2+ 21. Kg2 Qe4+ 22. f3 Qxc2 23. Rf2 Qxc1 24. Rb3 Nf4# 0-1

[Event "SVK-chT1W 1617"]
[Site "Slovakia"]
[Date "2017.02.25"]
[Round "8.4"]
[White "Lakatos, Vladimir"]
[Black "Sosovicka, Juraj"]
[Result "1/2-1/2"]
[WhiteElo "2027"]
[BlackElo "2153"]
[PlyCount "81"]
[EventDate "2016.10.15"]
[EventType "team-tourn"]
[EventRounds "11"]
[EventCountry "SVK"]
[SourceTitle "EXT 2018"]
[Source "ChessBase"]
[SourceDate "2017.10.13"]
[SourceVersion "1"]
[SourceVersionDate "2017.10.13"]
[SourceQuality "1"]
[WhiteTeam "Prievidza"]
[BlackTeam "Bratislava Slovan III"]
[WhiteTeamCountry "SVK"]
[BlackTeamCountry "SVK"]

1. c4 e5 2. Nc3 Nf6 3. e4 Nc6 4. f4 d6 5. Nf3 Bg4 6. d3 g6 7. Be2 Bxf3 8. Bxf3 Bg7 9. 0-0 Nd4 10. Be3 c6 11. Rb1 a5 12. Ne2 Nd7 13. Bg4 0-0 14. f5 Qh4 15. Nxd4 exd4 16. g3 Qe7 17. Bd2 Nc5 18. Qf3 f6 19. h4 Nd7 20. Qg2 Ne5 21. Be2 Nf7 22. fxg6 hxg6 23. h5 g5 24. Rf5 a4 25. Rbf1 Nh6 26. R5f2 Qe6 27. g4 b5 28. cxb5 cxb5 29. a3 Rac8 30. Bb4 Rc2 31. Bd1 Rxf2 32. Rxf2 Rc8 33. Qf3 Rc1 34. Kg2 Rxd1 35. Qxd1 Nxg4 36. Rf3 Ne3+ 37. Rxe3 dxe3 38. Qf3 Qb3 39. Qxe3 Qxb2+ 40. Kh3 Qe5 41. Qb6 1/2-1/2

[Event "SVK-chT2A 1617"]
[Site "Slovakia"]
[Date "2017.02.11"]
[Round "8.3"]
[White "Dudas, Jan"]
[Black "Sosovicka, Juraj"]
[Result "1-0"]
[WhiteElo "2207"]
[BlackElo "2167"]
[PlyCount "49"]
[EventDate "2016.10.08"]
[EventType "team-tourn"]
[EventRounds "11"]
[EventCountry "SVK"]
[SourceTitle "EXT 2018"]
[Source "ChessBase"]
[SourceDate "2017.10.13"]
[SourceVersion "1"]
[SourceVersionDate "2017.10.13"]
[SourceQuality "1"]
[WhiteTeam "Bratislava Doprastav"]
[BlackTeam "Devinska Nova Ves II"]
[WhiteTeamCountry "SVK"]
[BlackTeamCountry "SVK"]

1. e4 b6 2. d4 Bb7 3. Bd3 e6 4. Nf3 c5 5. c3 Nf6 6. e5 Nd5 7. Ng5 Be7 8. Qh5 g6 9. Qh6 Bf8 10. Qh3 cxd4 11. cxd4 Nb4 12. Ne4 Nxd3+ 13. Qxd3 Bxe4 14. Qxe4 Nc6 15. Nc3 Bb4 16. 0-0 Bxc3 17. bxc3 0-0 18. Bh6 Re8 19. Qf4 Qe7 20. Rad1 Rac8 21. Rd3 f5 22. exf6 Qf7 23. Re1 Na5 24. Rh3 Nc4 25. Bg7 1-0

[Event "SVK-chT 1617"]
[Site "Slovakia"]
[Date "2017.01.15"]
[Round "6.6"]
[White "Jacko, Vladimir1111"]
[Black "Sosovicka, Juraj"]
[Result "1-0"]
[WhiteElo "2302"]
[BlackElo "2179"]
[PlyCount "65"]
[EventDate "2016.10.22"]
[EventType "team-tourn"]
[EventRounds "11"]
[EventCountry "SVK"]
[SourceTitle "CBM 177 Extra"]
[Source "ChessBase"]
[SourceDate "2017.04.27"]
[SourceVersion "1"]
[SourceVersionDate "2017.04.27"]
[SourceQuality "1"]
[WhiteTeam "Prakovce"]
[BlackTeam "Devinska Nova Ves"]
[WhiteTeamCountry "SVK"]
[BlackTeamCountry "SVK"]

1. d4 b6 2. e4 Bb7 3. Bd3 e6 4. Nf3 Nf6 5. Qe2 d5 6. e5 Nfd7 7. 0-0 c5 8. c3 Qc8 9. Ng5 Be7 10. Nxh7 Ba6 11. Ng5 Bxd3 12. Qxd3 Qa6 13. Qf3 Bxg5 14. Bxg5 Rxh2 15. Nd2 Rh8 16. Ne4 dxe4 17. Qxe4 f6 18. exf6 gxf6 19. Bf4 cxd4 20. cxd4 Qb5 21. Qxa8 Qh5 22. g4 Qxg4+ 23. Bg3 Ke7 24. Rfe1 Rg8 25. Re4 Qh3 26. Re3 Qg4 27. Rae1 e5 28. Qd5 Kf8 29. dxe5 Nxe5 30. Rxe5 fxe5 31. Qxe5 Kf7 32. Qe7+ Kg6 33. Re6+ 1-0

[Event "SVK-chT3A2 1617"]
[Site "Slovakia"]
[Date "2016.12.11"]
[Round "5.4"]
[White "Sosovicka, Juraj"]
[Black "Malar, Pavol"]
[Result "1-0"]
[WhiteElo "2179"]
[BlackElo "2110"]
[PlyCount "69"]
[EventDate "2016.10.16"]
[EventType "team-tourn"]
[EventRounds "11"]
[EventCountry "SVK"]
[SourceTitle "EXT 2020"]
[Source "ChessBase"]
[SourceDate "2019.10.17"]
[SourceVersion "1"]
[SourceVersionDate "2019.10.17"]
[SourceQuality "1"]
[WhiteTeam "Gbely Nafta"]
[BlackTeam "Hlohovec"]
[WhiteTeamCountry "SVK"]
[BlackTeamCountry "SVK"]

1. b3 e6 2. Bb2 f5 3. c4 Nf6 4. g3 Be7 5. Bg2 0-0 6. Nf3 Nc6 7. 0-0 d6 8. d4 Qe8 9. Nc3 Qh5 10. d5 Nd8 11. dxe6 Nxe6 12. Nd5 Bd8 13. e3 Ne4 14. Nd4 Qxd1 15. Rfxd1 N6c5 16. Rac1 a5 17. Ba1 g5 18. f3 Nf6 19. Nb5 Ne8 20. Ndc3 Be6 21. Rd2 f4 22. exf4 gxf4 23. Re1 Bd7 24. Ne4 Nxe4 25. Rxe4 Bxb5 26. cxb5 fxg3 27. hxg3 Nf6 28. Rc4 Rf7 29. f4 Rb8 30. Bf3 Kf8 31. Bc3 b6 32. Re2 Nd7 33. Bc6 Bf6 34. Bxd7 Bxc3 35. Be6 1-0

[Event "SVK-chT2A 1617"]
[Site "Slovakia"]
[Date "2016.12.04"]
[Round "6.1"]
[White "Janos, Martin"]
[Black "Sosovicka, Juraj"]
[Result "1-0"]
[WhiteElo "2231"]
[BlackElo "2167"]
[PlyCount "75"]
[EventDate "2016.10.08"]
[EventType "team-tourn"]
[EventRounds "11"]
[EventCountry "SVK"]
[SourceTitle "EXT 2018"]
[Source "ChessBase"]
[SourceDate "2017.10.13"]
[SourceVersion "1"]
[SourceVersionDate "2017.10.13"]
[SourceQuality "1"]
[WhiteTeam "Bratislava Slovan IV"]
[BlackTeam "Devinska Nova Ves II"]
[WhiteTeamCountry "SVK"]
[BlackTeamCountry "SVK"]

1. e4 b6 2. d4 Bb7 3. Bd3 e6 4. c3 Nf6 5. Qf3 c5 6. Be3 Nc6 7. a3 d5 8. e5 Ne4 9. Ne2 f6 10. Qh3 fxe5 11. Bxe4 dxe4 12. dxc5 Bxc5 13. Bxc5 bxc5 14. Nd2 0-0 15. Qe3 Qb6 16. 0-0 Ba6 17. Nxe4 Qxb2 18. Rae1 Nd4 19. cxd4 exd4 20. Qh3 Rae8 21. Ng5 h6 22. Nxe6 Rf6 23. Nxg7 Rxe2 24. Nh5 Rf7 25. Qg3+ Kh7 26. Nf4 Rg7 27. Qh3 Rxe1 28. Qf5+ Kg8 29. Rxe1 Qb5 30. Nh5 Rf7 31. Qg6+ Kf8 32. Qxh6+ Kg8 33. Nf6+ Rxf6 34. Qxf6 d3 35. Qd8+ Kf7 36. Re7+ Kg6 37. Qg8+ Kf5 38. Qf8+ 1-0

[Event "SVK-chT 1516"]
[Site "Slovakia"]
[Date "2016.04.10"]
[Round "11.2"]
[White "Jurcik, Marian"]
[Black "Sosovicka, Juraj"]
[Result "1-0"]
[WhiteElo "2494"]
[BlackElo "2210"]
[PlyCount "57"]
[EventDate "2015.10.10"]
[EventType "team-tourn"]
[EventRounds "11"]
[EventCountry "SVK"]
[SourceTitle "EXT 2017"]
[Source "ChessBase"]
[SourceDate "2016.10.25"]
[SourceVersion "1"]
[SourceVersionDate "2016.10.25"]
[SourceQuality "1"]
[WhiteTeam "Stara Lubovna Angelus"]
[BlackTeam "Devinska Nova Ves"]
[WhiteTeamCountry "SVK"]
[BlackTeamCountry "SVK"]

1. e4 e5 2. Nf3 Nc6 3. Bc4 Nf6 4. d3 Be7 5. 0-0 0-0 6. Re1 d6 7. a4 h6 8. a5 a6 9. h3 Nh7 10. Nc3 Ng5 11. Be3 Be6 12. Nd5 Nxf3+ 13. Qxf3 Bg5 14. c3 Ne7 15. Bxg5 hxg5 16. Ne3 Bxc4 17. dxc4 Ng6 18. Rad1 Qd7 19. Qh5 Qe7 20. g3 Rfe8 21. c5 Qe6 22. cxd6 cxd6 23. Nf5 Rad8 24. Qxg5 d5 25. h4 Qf6 26. Rxd5 Qxg5 27. hxg5 f6 28. gxf6 gxf6 29. Red1 1-0

[Event "SVK-chT 1516"]
[Site "Slovakia"]
[Date "2016.04.09"]
[Round "10.2"]
[White "Rajnak, Daniel"]
[Black "Sosovicka, Juraj"]
[Result "1/2-1/2"]
[WhiteElo "2148"]
[BlackElo "2210"]
[PlyCount "94"]
[EventDate "2015.10.10"]
[EventType "team-tourn"]
[EventRounds "11"]
[EventCountry "SVK"]
[SourceTitle "EXT 2017"]
[Source "ChessBase"]
[SourceDate "2016.10.25"]
[SourceVersion "1"]
[SourceVersionDate "2016.10.25"]
[SourceQuality "1"]
[WhiteTeam "Humenne Reinter"]
[BlackTeam "Devinska Nova Ves"]
[WhiteTeamCountry "SVK"]
[BlackTeamCountry "SVK"]

1. d4 Nf6 2. Nf3 d5 3. e3 Bf5 4. Be2 e6 5. 0-0 h6 6. b3 Be7 7. Bb2 0-0 8. c4 c6 9. Nbd2 Nbd7 10. c5 b6 11. b4 a5 12. b5 bxc5 13. bxc6 Nb8 14. dxc5 Nxc6 15. Nd4 Nxd4 16. exd4 Qb8 17. Bc3 Rc8 18. f4 Ne4 19. Nxe4 Bxe4 20. a4 Bf6 21. Ra3 Qa7 22. Kh1 Rab8 23. Bb5 Qc7 24. Qd2 Ra8 25. Rb3 g5 26. fxg5 Bxg5 27. Qf2 f5 28. Bd2 Bxd2 29. Qxd2 Kh7 30. Bd3 Qg7 31. Bxe4 dxe4 32. Rb6 Re8 33. c6 Qg5 34. Qc2 Rac8 35. Rb7+ Re7 36. Rfb1 Rcc7 37. Qc5 Rg7 38. Qc2 Qe3 39. Rxc7 Rxc7 40. Qc5 Qd3 41. Rc1 e3 42. Qd6 Rg7 43. Qxe6 Rxg2 44. Kxg2 Qe2+ 45. Kh1 Qf3+ 46. Kg1 Qf2+ 47. Kh1 Qf3+ 1/2-1/2